<?xml version="1.0" encoding="UTF-8"?>
<record
    xmlns:xsi="http://www.w3.org/2001/XMLSchema-instance"
    xsi:schemaLocation="http://www.loc.gov/MARC21/slim http://www.loc.gov/standards/marcxml/schema/MARC21slim.xsd"
    xmlns="http://www.loc.gov/MARC21/slim">

  <leader>03128nam a2200577Ia 4500</leader>
  <controlfield tag="001">5051</controlfield>
  <controlfield tag="008">241029s9999    xx            000 0 und d</controlfield>
  <datafield tag="010" ind1=" " ind2=" ">
    <subfield code="a">4777</subfield>
  </datafield>
  <datafield tag="041" ind1=" " ind2=" ">
    <subfield code="a">Espa&#xF1;ol</subfield>
  </datafield>
  <datafield tag="082" ind1=" " ind2=" ">
    <subfield code="a">n/a </subfield>
  </datafield>
  <datafield tag="245" ind1=" " ind2="0">
    <subfield code="a">Valores Humanos Y Sociales, Determinantes Para Una Educaci&#xF3;n De Calidad, Escuela Filomena G&#xF3;mez, San Francisco De Macor&#xED;s, 2015.</subfield>
  </datafield>
  <datafield tag="260" ind1=" " ind2=" ">
    <subfield code="a">Duarte</subfield>
  </datafield>
  <datafield tag="300" ind1=" " ind2=" ">
    <subfield code="a">85</subfield>
  </datafield>
  <datafield tag="520" ind1=" " ind2=" ">
    <subfield code="a">26</subfield>
  </datafield>
  <datafield tag="630" ind1=" " ind2=" ">
    <subfield code="a">Actitud de los Estudiantes</subfield>
  </datafield>
  <datafield tag="630" ind1=" " ind2=" ">
    <subfield code="a">Actitudes</subfield>
  </datafield>
  <datafield tag="630" ind1=" " ind2=" ">
    <subfield code="a">Aptitudes</subfield>
  </datafield>
  <datafield tag="630" ind1=" " ind2=" ">
    <subfield code="a">Calidad</subfield>
  </datafield>
  <datafield tag="630" ind1=" " ind2=" ">
    <subfield code="a">Calidad Educativa</subfield>
  </datafield>
  <datafield tag="650" ind1=" " ind2=" ">
    <subfield code="a">Calidad Educativa</subfield>
  </datafield>
  <datafield tag="690" ind1=" " ind2=" ">
    <subfield code="a">Elaborado</subfield>
  </datafield>
  <datafield tag="700" ind1=" " ind2=" ">
    <subfield code="e">asesor</subfield>
    <subfield code="a">Morel de Hern&#xE1;ndez, Dra. Grecia</subfield>
  </datafield>
  <datafield tag="700" ind1=" " ind2=" ">
    <subfield code="e">autor</subfield>
    <subfield code="a">Villegas Alc&#xE1;ntara, Te&#xF3;filo Eusebio</subfield>
  </datafield>
  <datafield tag="700" ind1=" " ind2=" ">
    <subfield code="e">autor</subfield>
    <subfield code="a">Guaba Flores, Carmen</subfield>
  </datafield>
  <datafield tag="901" ind1=" " ind2=" ">
    <subfield code="a">{"1":"Villegas Alc&#xE1;ntara","2":"Guaba Flores"}</subfield>
    <subfield code="b">{"1":"Te&#xF3;filo Eusebio","2":"Carmen"}</subfield>
  </datafield>
  <datafield tag="902" ind1=" " ind2=" ">
    <subfield code="a">1</subfield>
  </datafield>
  <datafield tag="903" ind1=" " ind2=" ">
    <subfield code="a">{"1":"Morel de Hern&#xE1;ndez"}</subfield>
    <subfield code="b">{"1":"Dra. Grecia"}</subfield>
  </datafield>
  <datafield tag="904" ind1=" " ind2=" ">
    <subfield code="a">Maestr&#xED;a en</subfield>
  </datafield>
  <datafield tag="905" ind1=" " ind2=" ">
    <subfield code="a">Docencia Universitaria</subfield>
  </datafield>
  <datafield tag="906" ind1=" " ind2=" ">
    <subfield code="a">2</subfield>
  </datafield>
  <datafield tag="907" ind1=" " ind2=" ">
    <subfield code="a">NO APLICA</subfield>
  </datafield>
  <datafield tag="908" ind1=" " ind2=" ">
    <subfield code="a">NO APLICA</subfield>
  </datafield>
  <datafield tag="909" ind1=" " ind2=" ">
    <subfield code="a">Universidad Cat&#xF3;lica Nordestana (UCNE)</subfield>
  </datafield>
  <datafield tag="910" ind1=" " ind2=" ">
    <subfield code="a">NULL</subfield>
    <subfield code="b">NULL</subfield>
  </datafield>
  <datafield tag="911" ind1=" " ind2=" ">
    <subfield code="a">["1"]</subfield>
  </datafield>
  <datafield tag="912" ind1=" " ind2=" ">
    <subfield code="a">NO APLICA</subfield>
  </datafield>
  <datafield tag="913" ind1=" " ind2=" ">
    <subfield code="a">NULL</subfield>
  </datafield>
  <datafield tag="914" ind1=" " ind2=" ">
    <subfield code="a">01 de Agosto de 2016</subfield>
  </datafield>
  <datafield tag="915" ind1=" " ind2=" ">
    <subfield code="a">29/12/16 08:12</subfield>
  </datafield>
  <datafield tag="916" ind1=" " ind2=" ">
    <subfield code="a">NULL</subfield>
  </datafield>
  <datafield tag="917" ind1=" " ind2=" ">
    <subfield code="a">NULL</subfield>
  </datafield>
  <datafield tag="918" ind1=" " ind2=" ">
    <subfield code="a">NO APLICA</subfield>
  </datafield>
  <datafield tag="919" ind1=" " ind2=" ">
    <subfield code="a">["5","6","22","28","29"]</subfield>
  </datafield>
  <datafield tag="520" ind1=" " ind2=" ">
    <subfield code="a">El tema de la investigaci&#xF3;n est&#xE1; referido a los "Valores humanos y sociales, determinantes para una educaci&#xF3;n de calidad, escuela Filomena G&#xF3;mez, San Francisco de Macor&#xED;s, 2015". Con el objetivo de despertar el inter&#xE9;s en la sociedad, docentes y estudiantes en la promoci&#xF3;n de valores, ya que el comportamiento humano est&#xE1; regido por principios que son el pilar de la sociedad.La investigaci&#xF3;n est&#xE1; enmarcada en el &#xE1;mbito de &#xA0;un estudio descriptivo, para la misma se seleccionaron como muestra a 18 &#xA0;docentes, se le aplic&#xF3; un instrumento de trece preguntas de selecci&#xF3;n m&#xFA;ltiple coherente con los objetivos planteados.Se concluye, que los docentes siempre implementan las estrategias pedag&#xF3;gicas para fortalecer el aprendizaje de los ni&#xF1;os/as, propiciando ventajas en desarrollo de la ense&#xF1;anza - aprendizaje; siempre promueven los valores de solidaridad, igualdad, obediencia, confianza, honestidad, integridad, dignidad, y casi siempre equidad, y bondad.Se concluye tambi&#xE9;n, que siempre los docentes promueven los juegos como recursos did&#xE1;cticos en la escuela, adem&#xE1;s de libros de textos e im&#xE1;genes. Sin embargo, a veces si utilizan las cartulinas v&#xED;deos pel&#xED;culas y revistas.Se recomienda al directos del centro evaluar las estrategias pedag&#xF3;gicas implementadas, con el fin de que las mismas respondan a las necesidades de los estudiantes acorde con el grado y la edad.Asimismo, que los docentes eval&#xFA;en las estrategias implementadas, seguir inculcando los valores como la lealtad compromiso, cooperaci&#xF3;n, compa&#xF1;erismo, honestidad.</subfield>
  </datafield>
  <datafield tag="921" ind1=" " ind2=" ">
    <subfield code="a">28</subfield>
  </datafield>
  <datafield tag="922" ind1=" " ind2=" ">
    <subfield code="a">28</subfield>
  </datafield>
  <datafield tag="923" ind1=" " ind2=" ">
    <subfield code="a">0</subfield>
  </datafield>
  <datafield tag="924" ind1=" " ind2=" ">
    <subfield code="a">NO APLICA</subfield>
  </datafield>
  <datafield tag="942" ind1=" " ind2=" ">
    <subfield code="c">Tesis</subfield>
  </datafield>
  <datafield tag="999" ind1=" " ind2=" ">
    <subfield code="c">4777</subfield>
    <subfield code="d">4777</subfield>
  </datafield>
</record>
